| 000 | 00440nam a2200157 i 4500 | ||
|---|---|---|---|
| 001 | 91315 | ||
| 003 | ES-MaACL | ||
| 005 | 20230906180706.0 | ||
| 007 | t| | ||
| 008 | 050128s1935 fr ||||1| fre d | ||
| 100 | 1 |
_aLevaux, Leopold. _971919 |
|
| 245 | 1 | 0 |
_aDevant les oeuvres et les hommes / _cLeopold Levaux. |
| 260 |
_a[S.l. : _bs.n., _c1935] ( _eLiège : _fVaillant-Carmanne) |
||
| 300 |
_a334 p. ; _c20 cm. |
||
| 852 |
_aES-MaACL _jA-3697 |
||
| 999 |
_c91315 _d91315 |
||